Major 2020 Presidential Candidates #2 - Statistics

General Stats
  • This quiz has been taken 35 times
  • The average score is 19 of 33
Answer Stats
Party Office Candidate % Correct
Republican Presidential Incumbent Donald Trump
91%
Democrat VT Senator Bernie Sanders
88%
Democrat Former VP Joe Biden
84%
Democrat Fmr. New York City, NY Mayor Michael Bloomberg
78%
Democrat South Bend, IN, Mayor Pete Buttigieg
78%
Democrat Tech Executive Andrew Yang
75%
Democrat MA Senator Elizabeth Warren
72%
Democrat HI Congresswoman Tulsi Gabbard
72%
Democrat MN Senator Amy Klobuchar
69%
Dropped Out 12/3 Kamala Harris
66%
Democrat NJ Senator Cory Booker
63%
Dropped Out 9/20 Bill de Blasio
59%
Republican Fmr. MA Governer Bill Weld
53%
Dropped Out 1/2 (2020) Julian Castro
53%
Democrat 1/10 Marianne Williamson
53%
Democrat Billionaire Hedgefund Manager Tom Steyer
53%
Dropped Out 11/1 Beto O'Rourke
50%
Dropped Out 12/1 Joe Sestak
47%
Republican Fmr. IL Congressman, Radio Host Joe Walsh
47%
Dropped Out 8/15 John Hickenlooper
47%
Dropped Out 8/28 Kirsten Gillibrand
47%
Dropped Out 11/12 Mark Sanford
47%
Dropped Out 12/2 Steve Bullock
47%
Dropped Out 10/24 Tim Ryan
47%
Democrat Fmr. MA. Governor Deval Patrick
44%
Dropped Out 7/8 Eric Swalwell
44%
Dropped Out 8/21 Jay Inslee
44%
Dropped Out 8/6 Mike Gravel
44%
Dropped Out 1/26 (2019) Richard Ojeda
44%
Dropped Out 11/20 Wayne Messam
44%
Democrat Fmr. MD Congressman John Delaney
41%
Democrat CO Senator Michael Bennet
41%
Dropped Out 8/23 Seth Moulton
41%
No matching quizzes found
Score Distribution
Percent of People with Each Score
Percentile by Number Answered
Your Score History
You have not taken this quiz